000 03136nmm a22004577a 4500
999 _c6597
_d6597
003 OSt
005 20260317133440.0
008 191018e xxu|||||o||d| 00| 0 spa d
020 _a9789507277658
040 _cPJ
245 1 0 _aRevista Laboral :
_bla mujer, el trabajo y el Derecho del Trabajo /
_cMario E. Ackerman director.
260 _aSanta Fé :
_bRubinzal Culzoni,
_c2023.
300 _a760 p.
_c22 cm.
310 _asemestral
362 _aNo.2 (2023)
505 _tMarco normativo en materia de igualdad de género - legislación nacional e internacional de protección integral a la mujer /
_rGloria M. Pasten de Ishihara.
505 _tLa perspectiva de género como factor esencial para erradicar desigualdades y desarticular estereotipos - un análisis jurisprudencial /
_rGabriela Alejandra Vázquez y Carolina Beatriz Martino.
505 _tDesigualdad por razón de género en materia de pensiones en el sistema público de seguridad social español /
_rTeresa Díaz Aznarte.
505 _t“Trabajo de mujeres” en la ley de contrato de trabajo y la urgente necesidad de modificar varias de sus disposiciones anacrónicas /
_r Silvia E. Pinto Varela.
505 _tEl convenio 190 oit y su incidencia en el mundo del trabajo /
_rMaría Fabiana Sosa.
505 _tLas sentencias de la corte interamericana de derechos humanos y las mujeres /
_rEleonora SlaviN.
505 _tDiscriminación de las mujeres en el ingreso al puesto de trabajo /
_rViviana Mariel Dobarro.
505 _tProtección del matrimonio - situación de la mujer, el varón y las diversidades sexo-genéricas /
_rr Liliana Hebe Litterio.
505 _tTrabajo no remunerado /
_rMaría Isabel Sforsini.
505 _tPolíticas públicas y privadas de conciliación del trabajo /
_rVictoria Bursztyn.
505 _tTeletrabajo y tareas de cuidado /
_rLeticia Celli.
505 _tCuidar a quienes cuidan: que los que esperan no cuenten las horas - las guarderías en los lugares de trabajo. normativa vigente y jurisprudencia /
_rItatí Demarchi Arballo.
505 _tTareas de cuidado. abordaje desde la protección social /
_rSilvina Verónica Arcaro.
505 _tEstado actual de la normativa referida a la maternidad. reformas necesarias /
_r Natalia Daniela González Boarini.
505 _tLa negociación colectiva tiene género /
_rMaría Martha Terragno.
505 _tLa sindicalización de las mujeres trabajadoras sexuales - el derecho de sindicalización de la asociación de mujeres meretrices argentinas (ammar) /
_rYanina Paola Duzevich.
505 _tLa participación de las mujeres en el ámbito sindical /
_rMirna Lozano Bosch.
505 _tSumarios y sistematización de fallos /
_rDiego Guirado - Colaboradora: Itatí Demarchi Arballo.
650 0 _91316
_aDERECHO LABORAL
650 0 _91487
_aTRABAJO DE MUJERES
650 0 _94044
_aPERSPECTIVA DE GÉNERO
650 0 _91577
_aDISCRIMINACION LABORAL
700 _91423
_aAckermann, Mario Eduardo
_edirector
856 _uhttps://www.rubinzal.com.ar/revistas/revista-de-derecho-laboral/5/?menupc=1
_yRevista Derecho Laboral
942 _2udc
_cPP